[Event "Liga Vasca 2009 - DH"]
[Site "Pais Vasco ESP"]
[Date "2009.02.14"]
[Round "5.14"]
[White "Alonso Arburu, Jose Maria"]
[Black "De Andres Oterino, Carlos"]
[Result "1-0"]
[WhiteElo "2126"]
[BlackElo "1918"]
[PlyCount "119"]
[EventDate "2009.01.10"]
[EventType "team"]
[EventRounds "9"]
[EventCountry "ESP"]
[Source "lmi"]
[SourceDate "2009.01.10"]
[WhiteTeam "Batalla"]
[BlackTeam "Zuri Baltza"]

1. c4 Nf6 2. g3 g6 3. Bg2 Bg7 4. Nf3 d6 5. O-O O-O 6. d4 Nbd7 7. Nc3 c6 8. Bf4
Nh5 9. Be3 h6 10. h3 a6 11. Kh2 e5 12. dxe5 dxe5 13. Qd6 Re8 14. Rad1 e4 15.
Ne1 Be5 16. Qd2 f5 17. Bd4 Qf6 18. Nc2 g5 19. Ne3 Nf4 20. Bxe5 Qxe5 21. Qd6
Qxd6 22. Rxd6 Nxg2 23. Nxf5 Ne5 24. Nxh6+ Kg7 25. Ng4 Bxg4 26. hxg4 Ne3 27.
fxe3 Nxg4+ 28. Kg1 Re7 29. Rf5 Nxe3 30. Rxg5+ Kf7 31. b3 Rg8 32. Rxg8 Kxg8 33.
Rd4 Rg7 34. Nxe4 Nf5 35. Rd3 Re7 36. Nc3 c5 37. e4 Nd4 38. Kg2 Kg7 39. Rd1 b5
40. Re1 bxc4 41. bxc4 Rb7 42. Na4 Rb4 43. Nxc5 Rxc4 44. Nxa6 Rc2+ 45. Kh3 Rxa2
46. Nb4 Ra3 47. Kg4 Kf6 48. Nd5+ Ke5 49. Nf4 Ra7 50. Nd3+ Ke6 51. e5 Rg7+ 52.
Kf4 Ke7 53. g4 Ne6+ 54. Kg3 Nd4 55. Ra1 Nc6 56. Ra6 Kd7 57. Nc5+ Kc7 58. Ne6+
Kb7 59. Rxc6 Re7 60. Rc7+ 1-0

[Event "Liga Vasca 2009 - DH"]
[Site "Pais Vasco ESP"]
[Date "2009.02.14"]
[Round "5.21"]
[White "Saenz Martinez, Juan Jose"]
[Black "Garbisu de Goñi, Unai"]
[Result "0-1"]
[WhiteElo "2315"]
[BlackElo "2466"]
[PlyCount "78"]
[EventDate "2009.01.10"]
[EventType "team"]
[EventRounds "9"]
[EventCountry "ESP"]
[Source "lmi"]
[SourceDate "2009.01.10"]

1. e4 e5 2. Nf3 Nc6 3. d4 exd4 4. Nxd4 Nf6 5. Nxc6 bxc6 6. e5 Qe7 7. Qe2 Nd5 8.
c4 Ba6 9. b3 g6 10. Ba3 Qh4 11. Bxf8 Kxf8 12. Qb2 Qe4+ 13. Kd1 Ne7 14. Nd2 Qf4
15. Bd3 c5 16. Be4 Rd8 17. g3 Qxf2 18. Rf1 Qd4 19. Qxd4 cxd4 20. Kc2 d5 21. Rf6
dxe4 22. Rxa6 d3+ 23. Kc3 e3 24. Nf1 e2 25. Nd2 Nf5 26. Nf3 Kg7 27. Kd2 Rhe8
28. Rxa7 Nd4 29. Nxd4 Rxd4 30. Ra5 c6 31. Rc5 f6 32. exf6+ Kxf6 33. a4 Rb8 34.
Rb1 Rf8 35. Rxc6+ Ke7 36. Re1 Rf1 37. Rxe2+ dxe2+ 38. Kxe2 Rb1 39. Rb6 Rxc4 0-1

[Event "Liga Vasca 2009 - DH"]
[Site "Pais Vasco ESP"]
[Date "2009.02.14"]
[Round "5.22"]
[White "Rada Equiza, Miguel"]
[Black "Alvarez Ponga, Hugo"]
[Result "1/2-1/2"]
[WhiteElo "2279"]
[BlackElo "2103"]
[PlyCount "121"]
[EventDate "2009.01.10"]
[EventType "team"]
[EventRounds "9"]
[EventCountry "ESP"]
[Source "lmi"]
[SourceDate "2009.01.10"]

1. e4 e6 2. d4 d5 3. e5 c5 4. c3 Qb6 5. Nf3 Bd7 6. Be2 Bb5 7. c4 Bxc4 8. Bxc4
dxc4 9. d5 exd5 10. Qxd5 Ne7 11. Qxc4 Qb4+ 12. Qxb4 cxb4 13. O-O Nbc6 14. Nbd2
Nd5 15. Ne4 Be7 16. Rd1 Rd8 17. Bg5 f6 18. exf6 gxf6 19. Bh4 O-O 20. Bg3 Rfe8
21. Rac1 f5 22. Nc5 Bxc5 23. Rxc5 Nf6 24. Rxd8 Rxd8 25. h4 Rd5 26. Rc1 a5 27.
Bf4 Ne4 28. Be3 Kf7 29. Kf1 Ke6 30. Ke2 Rd7 31. Ng5+ Nxg5 32. hxg5 Rd5 33. Rh1
Rd7 34. Rh6+ Kd5 35. Bb6 Re7+ 36. Kf3 Ne5+ 37. Kf4 Ng6+ 38. Kxf5 Re4 39. g3
Ne7+ 40. Kf6 Ng8+ 41. Kg7 Nxh6 42. Kxh6 Re7 43. Bxa5 b3 44. axb3 Ke4 45. Bc3
Kf5 46. f4 b5 47. b4 Rd7 48. Bg7 Rd3 49. Kxh7 Rxg3 50. Be5 Rh3+ 51. Kg7 Rd3 52.
Kf7 Rd7+ 53. Ke8 Rd3 54. Ke7 Rd2 55. Bd6 Rxb2 56. Kd7 Rc2 57. Bc5 Kxf4 58. g6
Rg2 59. Kc6 Rxg6+ 60. Kxb5 Ke5 61. Bf8 1/2-1/2

[Event "Liga Vasca 2009 - DH"]
[Site "Pais Vasco ESP"]
[Date "2009.02.14"]
[Round "5.23"]
[White "Alvarado Fernandez, Mikel"]
[Black "Brethes, Francois"]
[Result "0-1"]
[WhiteElo "2011"]
[BlackElo "2179"]
[PlyCount "70"]
[EventDate "2009.01.10"]
[EventType "team"]
[EventRounds "9"]
[EventCountry "ESP"]
[Source "lmi"]
[SourceDate "2009.01.10"]

1. d4 d5 2. Bg5 h6 3. Bh4 Nf6 4. e3 e6 5. Nd2 Be7 6. c4 O-O 7. c5 e5 8. Be2 Nc6
9. Nb3 exd4 10. exd4 Nh5 11. Bg3 Nxg3 12. hxg3 Bf6 13. Nf3 a5 14. O-O a4 15.
Nc1 Bg4 16. Ne5 Bxe2 17. Nxc6 Bxd1 18. Nxd8 Bc2 19. Nxb7 Bxd4 20. a3 Rfb8 21.
c6 Ra6 22. Ne2 Bf6 23. Nc5 Rxc6 24. Nd7 Rxb2 25. Nxf6+ Rxf6 26. Rfc1 c5 27. f3
d4 28. Re1 Rd6 29. Kh2 c4 30. g4 Bb3 31. Kg3 Rxe2 32. Rxe2 d3 33. Re8+ Kh7 34.
g5 d2 35. gxh6 gxh6 0-1

[Event "Liga Vasca 2009 - DH"]
[Site "Pais Vasco ESP"]
[Date "2009.02.14"]
[Round "5.41"]
[White "Astasio Lopez, David"]
[Black "Romain, Edouard"]
[Result "0-1"]
[WhiteElo "2250"]
[BlackElo "2562"]
[PlyCount "102"]
[EventDate "2009.01.10"]
[EventType "team"]
[EventRounds "9"]
[EventCountry "ESP"]
[Source "lmi"]
[SourceDate "2009.01.10"]

1. d4 Nf6 2. Nf3 c5 3. e3 d5 4. Bd3 Nbd7 5. c3 g6 6. Nbd2 Bg7 7. O-O O-O 8. Re1
Qc7 9. e4 cxd4 10. cxd4 dxe4 11. Nxe4 Nxe4 12. Rxe4 Nf6 13. Rh4 Bg4 14. h3 Bxf3
15. Qxf3 Rad8 16. Bf4 Qb6 17. Be5 Nd7 18. Bxg7 Kxg7 19. Re1 Qb4 20. Qe3 Nf6 21.
Re2 Rd7 22. a3 Qa4 23. Bc2 Qb5 24. Bd3 Qb6 25. Bc4 Kg8 26. Qe5 Rfd8 27. b3 Qd6
28. Qxd6 Rxd6 29. Rxe7 g5 30. Rh6 Kg7 31. Rxf6 Rxf6 32. d5 b5 33. Bxb5 Rxd5 34.
Bf1 Re6 35. Rxe6 fxe6 36. Bc4 Rd1+ 37. Kh2 e5 38. Kg3 e4 39. h4 gxh4+ 40. Kxh4
Kf6 41. a4 Ke5 42. Kg3 a5 43. Bg8 h5 44. Bc4 Rh1 45. Be2 Kf5 46. f3 e3 47. Bd3+
Ke5 48. f4+ Kd4 49. Bc4 Ke4 50. Be2 h4+ 51. Kg4 Rh2 0-1

[Event "Liga Vasca 2009 - DH"]
[Site "Pais Vasco ESP"]
[Date "2009.02.14"]
[Round "5.42"]
[White "Conquest, Stuart C"]
[Black "Marquinez Capillas, Francisco Jose"]
[Result "1-0"]
[WhiteElo "2555"]
[BlackElo "2173"]
[PlyCount "61"]
[EventDate "2009.01.10"]
[EventType "team"]
[EventRounds "9"]
[EventCountry "ESP"]
[Source "lmi"]
[SourceDate "2009.01.10"]

1. e4 c5 2. Nf3 Nc6 3. d4 cxd4 4. Nxd4 g6 5. c4 Bg7 6. Nc2 Nf6 7. Nc3 O-O 8.
Be2 a5 9. O-O a4 10. Na3 d6 11. Kh1 Qa5 12. Bd2 Nd7 13. Nab5 Nc5 14. Rc1 Qd8
15. Be3 Be6 16. Qc2 Qa5 17. Rfd1 Rfc8 18. Nd5 Bxd5 19. exd5 Na7 20. Nd4 b5 21.
Nxb5 Nxb5 22. cxb5 Qb4 23. Rd2 Rc7 24. Qb1 Rac8 25. Rdc2 Be5 26. h3 Kf8 27. Kg1
Ke8 28. Bd2 Qh4 29. b6 Bd4 30. Be1 Ne4 31. Bb5+ 1-0

[Event "Liga Vasca 2009 - DH"]
[Site "Pais Vasco ESP"]
[Date "2009.02.14"]
[Round "5.43"]
[White "Villalta Bustillo, Igor"]
[Black "Gomez Esteban, Juan Mario"]
[Result "0-1"]
[WhiteElo "2169"]
[BlackElo "2498"]
[PlyCount "97"]
[EventDate "2009.01.10"]
[EventType "team"]
[EventRounds "9"]
[EventCountry "ESP"]
[Source "lmi"]
[SourceDate "2009.01.10"]
[BlackTeam "España"]
[BlackTeamCountry "ESP"]

1. d4 d5 2. Nf3 Nf6 3. e3 c5 4. c3 Qc7 5. Nbd2 Nbd7 6. Qa4 g6 7. dxc5 Qxc5 8.
e4 dxe4 9. Nxe4 Nxe4 10. Qxe4 Bg7 11. Bd2 O-O 12. Be2 Nf6 13. Qc4 Qxc4 14. Bxc4
Ne4 15. O-O Nxd2 16. Nxd2 Rd8 17. Rfd1 b6 18. Nf1 Bb7 19. Ne3 e6 20. Rxd8+ Rxd8
21. Rd1 Rxd1+ 22. Nxd1 Kf8 23. Ne3 Bh6 24. g3 Bf3 25. Kf1 Ke7 26. Be2 Be4 27.
Ke1 Bb1 28. a3 Be4 29. Kd2 f5 30. Bd3 Bf3 31. Be2 Bc6 32. Kc2 e5 33. Bc4 Bg7
34. Nd5+ Kd6 35. Nb4 Be4+ 36. Bd3 Bf3 37. Kb3 e4 38. Bf1 Bd1+ 39. Kc4 Ba4 40.
Na6 g5 41. b3 Bd7 42. Be2 f4 43. gxf4 gxf4 44. f3 Be6+ 45. Kb5 exf3 46. Bxf3
Bxb3 47. c4 Bd4 48. Nb4 Bc5 49. Nd5 0-1

[Event "Liga Vasca 2009 - DH"]
[Site "Pais Vasco ESP"]
[Date "2009.02.14"]
[Round "5.44"]
[White "Franco Alonso, Alejandro"]
[Black "Gutierrez Bustillo, Diego"]
[Result "1-0"]
[WhiteElo "2459"]
[BlackElo "2004"]
[PlyCount "57"]
[EventDate "2009.01.10"]
[EventType "team"]
[EventRounds "9"]
[EventCountry "ESP"]
[Source "lmi"]
[SourceDate "2009.01.10"]
[WhiteTeam "España"]
[WhiteTeamCountry "ESP"]
[BlackTeamCountry "ESP"]

1. d4 Nf6 2. c4 g6 3. Nc3 Bg7 4. e4 d6 5. h3 O-O 6. Bg5 Nbd7 7. Nf3 e5 8. d5 h6
9. Be3 Kh7 10. Nd2 Ng8 11. g4 Ne7 12. Qc2 f5 13. f3 c6 14. Be2 cxd5 15. cxd5 a6
16. a4 fxe4 17. Ndxe4 Nf6 18. Qd2 Nxe4 19. Nxe4 b6 20. O-O Bb7 21. Bc4 Rc8 22.
Bb3 Rf7 23. Kg2 b5 24. axb5 axb5 25. Ra7 Nxd5 26. Bxd5 Bxd5 27. Qxd5 Rc2+ 28.
Rf2 Rxa7 29. Rxc2 1-0

[Event "Liga Vasca 2009 - DH"]
[Site "Pais Vasco ESP"]
[Date "2009.02.14"]
[Round "5.51"]
[White "Cifuentes Parada, Roberto"]
[Black "Martin Allende, Jorge"]
[Result "1-0"]
[WhiteElo "2526"]
[BlackElo "2123"]
[PlyCount "47"]
[EventDate "2009.01.10"]
[EventType "team"]
[EventRounds "9"]
[EventCountry "ESP"]
[Source "lmi"]
[SourceDate "2009.01.10"]
[WhiteTeamCountry "ESP"]
[BlackTeamCountry "ESP"]

1. Nf3 Nf6 2. c4 e6 3. g3 d5 4. d4 Nc6 5. Bg2 dxc4 6. O-O Rb8 7. e3 Be7 8. Qe2
b5 9. Rd1 Bb7 10. e4 Qc8 11. Bg5 O-O 12. Nc3 b4 13. Na4 Na5 14. Nc5 Ba6 15. Ne5
Bxc5 16. dxc5 c3 17. Qf3 cxb2 18. Rab1 Rd8 19. Bxf6 Rxd1+ 20. Rxd1 b1=Q 21.
Rxb1 gxf6 22. Qxf6 Qe8 23. Ng4 Bc4 24. Qh6 1-0

[Event "Liga Vasca 2009 - DH"]
[Site "Pais Vasco ESP"]
[Date "2009.02.14"]
[Round "5.52"]
[White "Hernandez Izaguirre, Eder"]
[Black "Argandoña Riveiro, Iñigo"]
[Result "0-1"]
[WhiteElo "2112"]
[BlackElo "2391"]
[PlyCount "68"]
[EventDate "2009.01.10"]
[EventType "team"]
[EventRounds "9"]
[EventCountry "ESP"]
[Source "lmi"]
[SourceDate "2009.01.10"]
[WhiteTeamCountry "ESP"]
[BlackTeamCountry "ESP"]

1. c4 c6 2. e4 d5 3. exd5 cxd5 4. cxd5 Nf6 5. Nc3 g6 6. Bb5+ Nbd7 7. Nge2 Bg7
8. O-O O-O 9. d6 e6 10. d4 Qb6 11. Qb3 Qxd6 12. Bf4 Qe7 13. Bxd7 Qxd7 14. Rfd1
b6 15. d5 exd5 16. Nxd5 Nxd5 17. Rxd5 Qe6 18. Ng3 Bb7 19. Rd2 Qf6 20. Bd6 Rfe8
21. Rad1 h5 22. Nf1 Bh6 23. Rc2 Rad8 24. Rc7 Ba6 25. Rxa7 Be2 26. Be7 Bxd1 27.
Bxf6 Bxb3 28. Bxd8 Bc4 29. Be7 b5 30. Ne3 Bxa2 31. Rxa2 Rxe7 32. Ra8+ Kg7 33.
Rb8 Re5 34. Rb6 Rxe3 0-1

[Event "Liga Vasca 2009 - DH"]
[Site "Pais Vasco ESP"]
[Date "2009.02.14"]
[Round "5.53"]
[White "Gallego Eraso, Francisco"]
[Black "Urbieta Gabancho, Koldo"]
[Result "1-0"]
[WhiteElo "2365"]
[BlackElo "2009"]
[PlyCount "41"]
[EventDate "2009.01.10"]
[EventType "team"]
[EventRounds "9"]
[EventCountry "ESP"]
[Source "lmi"]
[SourceDate "2009.01.10"]
[WhiteTeamCountry "ESP"]
[BlackTeamCountry "ESP"]

1. e4 d5 2. exd5 Qxd5 3. Nc3 Qd8 4. d4 c6 5. Bg5 Bf5 6. Qd2 Nd7 7. h3 Ngf6 8.
O-O-O e6 9. g4 Bg6 10. Nge2 Qa5 11. Kb1 Be7 12. Bg2 Rc8 13. f4 h6 14. Bh4 Nd5
15. Bxe7 Kxe7 16. Nxd5+ Qxd5 17. Bxd5 cxd5 18. f5 exf5 19. Nf4 Nb6 20. Qb4+ Kd7
21. Rhe1 1-0

[Event "Liga Vasca 2009 - DH"]
[Site "Pais Vasco ESP"]
[Date "2009.02.14"]
[Round "5.54"]
[White "Carasa del Portillo, Mikel"]
[Black "Muñoz Perez, Ivan"]
[Result "0-1"]
[WhiteElo "2028"]
[BlackElo "2274"]
[PlyCount "148"]
[EventDate "2009.01.10"]
[EventType "team"]
[EventRounds "9"]
[EventCountry "ESP"]
[Source "lmi"]
[SourceDate "2009.01.10"]
[WhiteTeamCountry "ESP"]
[BlackTeamCountry "ESP"]

1. c4 Nf6 2. g3 g6 3. Bg2 Bg7 4. Nc3 O-O 5. e4 d6 6. Nge2 c6 7. O-O e5 8. d3
Be6 9. h3 Ne8 10. Be3 f5 11. exf5 Rxf5 12. Qb3 Rf7 13. d4 Qc8 14. Kh2 Na6 15.
d5 Bd7 16. Ne4 h6 17. N2c3 c5 18. Qd1 Qd8 19. Qd2 g5 20. g4 Nac7 21. Ne2 Qe7
22. N2g3 Bf8 23. Rab1 b5 24. b3 Rb8 25. Nh5 Ng7 26. Nxg7 Kxg7 27. Ng3 Ne8 28.
Nh5+ Kg8 29. Qd3 Ng7 30. Qg6 Be8 31. Nxg7 Bxg7 32. Qd3 Qf6 33. Be4 Rfb7 34.
Bh7+ Kh8 35. Qf5 Qe7 36. Qc2 Qf6 37. Qf5 a5 38. Bd2 b4 39. Qxf6 Bxf6 40. Be4 a4
41. Bc1 Ra7 42. Bb2 axb3 43. axb3 Ra2 44. Kg3 Kg7 45. Rfe1 h5 46. Re2 Rba8 47.
Ree1 Bf7 48. Ra1 Bg6 49. Kf3 hxg4+ 50. hxg4 Bxe4+ 51. Kxe4 Rxb2 52. Rxa8 Rxf2
53. Ra7+ Kg6 54. Rg1 Rf4+ 55. Ke3 e4 56. Kd2 Bd4 57. Rg2 Bc3+ 58. Ke3 Bd4+ 59.
Kd2 Rf3 60. Re7 Be5 61. Re6+ Kg7 62. Kd1 Rxb3 63. Ra2 Ra3 64. Rxa3 bxa3 65.
Re7+ Kf6 66. Ra7 Bb2 67. Kc2 Ke5 68. Re7+ Kf4 69. Re6 Be5 70. Kb3 e3 71. Rh6 e2
72. Rh1 Kxg4 73. Kxa3 Kf3 74. Kb3 Kf2 0-1

[Event "Liga Vasca 2009 - DH"]
[Site "Pais Vasco ESP"]
[Date "2009.02.21"]
[Round "6.11"]
[White "Hamdouchi, Hichem"]
[Black "Alberdi Sololuce, Paulo"]
[Result "1-0"]
[WhiteElo "2598"]
[BlackElo "2161"]
[PlyCount "91"]
[EventDate "2009.01.10"]
[EventType "team"]
[EventRounds "9"]
[EventCountry "ESP"]
[Source "lmi"]
[SourceDate "2009.01.10"]
[WhiteTeamCountry "ESP"]
[BlackTeamCountry "ESP"]

1. e4 c6 2. c4 d5 3. cxd5 cxd5 4. exd5 Nf6 5. Nc3 Nxd5 6. Nf3 Nxc3 7. bxc3 g6
8. Bb5+ Nc6 9. O-O Bg7 10. Re1 O-O 11. d4 Bg4 12. Ba3 Qa5 13. Qa4 Qxa4 14. Bxa4
Bxf3 15. gxf3 Rfc8 16. Rab1 b6 17. d5 Ne5 18. Kg2 Nd3 19. Red1 Nf4+ 20. Kf1 Bf8
21. Bc1 g5 22. h4 h6 23. hxg5 hxg5 24. Bc6 Rab8 25. Bxf4 gxf4 26. Ke2 Kg7 27.
Rh1 e6 28. c4 Kf6 29. Rbg1 Bd6 30. Rh6+ Ke7 31. Rg7 Rh8 32. Rxe6+ Kf8 33. Rxf7+
Kxf7 34. Rxd6 Rbd8 35. Re6 Rh1 36. Re4 Rh4 37. a4 Rd6 38. a5 Rf6 39. Be8+ Kf8
40. Bb5 Rh7 41. Re8+ Kg7 42. a6 Kg6 43. c5 bxc5 44. Bd3+ Kh6 45. Bxh7 Kxh7 46.
Re7+ 1-0

[Event "Liga Vasca 2009 - DH"]
[Site "Pais Vasco ESP"]
[Date "2009.02.21"]
[Round "6.12"]
[White "Fernandez Hernandez, Gerardo"]
[Black "Argandoña Riveiro, Iñigo"]
[Result "1/2-1/2"]
[WhiteElo "2154"]
[BlackElo "2391"]
[PlyCount "110"]
[EventDate "2009.01.10"]
[EventType "team"]
[EventRounds "9"]
[EventCountry "ESP"]
[Source "lmi"]
[SourceDate "2009.01.10"]
[WhiteTeamCountry "ESP"]
[BlackTeamCountry "ESP"]

1. e4 d6 2. d4 Nf6 3. f3 e5 4. dxe5 dxe5 5. Qxd8+ Kxd8 6. Bc4 Ke8 7. Be3 Nfd7
8. Nh3 Nc6 9. c3 Nb6 10. Be2 Bxh3 11. gxh3 Ne7 12. a4 Nd7 13. Na3 a6 14. Kf2
Ng6 15. b4 Be7 16. Rhd1 h6 17. Kg1 Bg5 18. Bf2 Ke7 19. Nc4 b6 20. Ne3 Bxe3 21.
Bxe3 Nf4 22. Bf1 Rhd8 23. a5 b5 24. Rd2 Ne6 25. Rad1 Nf6 26. Kf2 Rxd2+ 27. Rxd2
Rd8 28. c4 Rxd2+ 29. Bxd2 c6 30. Be3 Nh5 31. Bb6 Kd7 32. Be3 Nd4 33. cxb5 cxb5
34. Bd3 Nf4 35. Bf1 g5 36. Kg3 Ng6 37. Kg4 Nh4 38. Bxd4 exd4 39. f4 f6 40. f5
Kd6 41. Kg3 h5 42. Be2 Kc7 43. Kf2 Kd6 44. Kg3 Kc7 45. Kf2 Kd6 46. Bxh5 d3 47.
Be8 d2 48. Ke2 Nf3 49. Bh5 Nd4+ 50. Kxd2 Ke5 51. Kd3 Nc6 52. Be2 Nxb4+ 53. Kc3
Na2+ 54. Kb2 Nb4 55. Kc3 Na2+ 1/2-1/2

[Event "Liga Vasca 2009 - DH"]
[Site "Pais Vasco ESP"]
[Date "2009.02.21"]
[Round "6.13"]
[White "Gallego Eraso, Francisco"]
[Black "Hernandez Garca, Maximo"]
[Result "1-0"]
[WhiteElo "2365"]
[BlackElo "2034"]
[PlyCount "79"]
[EventDate "2009.01.10"]
[EventType "team"]
[EventRounds "9"]
[EventCountry "ESP"]
[Source "lmi"]
[SourceDate "2009.01.10"]
[WhiteTeamCountry "ESP"]
[BlackTeamCountry "ESP"]

1. e4 e5 2. Nf3 Nc6 3. Bb5 a6 4. Ba4 Nf6 5. O-O b5 6. Bb3 Be7 7. Re1 O-O 8. a4
b4 9. d3 d6 10. Nbd2 Na5 11. Ba2 Be6 12. d4 Bxa2 13. Rxa2 Nc6 14. Nb3 a5 15. h3
Nd7 16. c3 Bf6 17. d5 Ne7 18. cxb4 axb4 19. a5 Qb8 20. Qd3 c5 21. dxc6 Nxc6 22.
Be3 Bd8 23. Rd1 Bc7 24. Rc1 Ne7 25. Qc4 Bb6 26. Bxb6 Nxb6 27. Qb5 Nbc8 28. Qxb8
Rxb8 29. Rc7 Ng6 30. a6 Nf4 31. a7 Ra8 32. Nfd2 f5 33. Rb7 fxe4 34. Nxe4 Nd3
35. f3 d5 36. Nec5 Nxc5 37. Nxc5 e4 38. Nd7 Nd6 39. Rb8 Rd8 40. Rxa8 1-0

[Event "Liga Vasca 2009 - DH"]
[Site "Pais Vasco ESP"]
[Date "2009.02.21"]
[Round "6.14"]
[White "Martinez Pelaez, David"]
[Black "Muñoz Perez, Ivan"]
[Result "0-1"]
[WhiteElo "1971"]
[BlackElo "2274"]
[PlyCount "96"]
[EventDate "2009.01.10"]
[EventType "team"]
[EventRounds "9"]
[EventCountry "ESP"]
[Source "lmi"]
[SourceDate "2009.01.10"]
[WhiteTeamCountry "ESP"]
[BlackTeamCountry "ESP"]

1. d4 Nf6 2. Nc3 d6 3. e4 Nbd7 4. Be3 c6 5. Bd3 e5 6. Qd2 Ng4 7. Nge2 Nxe3 8.
Qxe3 g6 9. O-O Bg7 10. dxe5 dxe5 11. Rfd1 O-O 12. a4 Qb6 13. Qxb6 axb6 14. h3
Re8 15. Ra3 Bf8 16. Raa1 Kg7 17. Ng3 h5 18. Nf1 Bb4 19. Ne2 Nc5 20. c3 Nxd3 21.
Rxd3 Be7 22. c4 Be6 23. b3 b5 24. cxb5 cxb5 25. Ne3 f5 26. f3 Bc5 27. Kh2 fxe4
28. fxe4 Bxe3 29. Rxe3 Rec8 30. Rb1 b4 31. Rc1 Kf7 32. Kg3 b6 33. Rd3 Ke7 34.
Kf3 Rc5 35. Ke3 Rac8 36. Kd2 g5 37. Rg3 Rd8+ 38. Ke1 g4 39. h4 Bf7 40. Re3 Bg6
41. Rd1 Rc2 42. Rxd8 Kxd8 43. Kd1 Ra2 44. Kc1 Ra1+ 45. Kd2 Ra2+ 46. Kd3 Bf7 47.
Ng3 Rxg2 48. Nf5 Rb2 0-1

[Event "Liga Vasca 2009 - DH"]
[Site "Pais Vasco ESP"]
[Date "2009.02.21"]
[Round "6.21"]
[White "Conquest, Stuart C"]
[Black "Lozoya Rodriguez, Alberto"]
[Result "1-0"]
[WhiteElo "2555"]
[BlackElo "2205"]
[PlyCount "57"]
[EventDate "2009.01.10"]
[EventType "team"]
[EventRounds "9"]
[EventCountry "ESP"]
[Source "lmi"]
[SourceDate "2009.01.10"]
[WhiteTeamCountry "ESP"]
[BlackTeamCountry "ESP"]

1. d4 Nf6 2. c4 c5 3. d5 b5 4. cxb5 a6 5. f3 e6 6. e4 c4 7. Bxc4 axb5 8. Bxb5
Bc5 9. Ne2 Qb6 10. Nbc3 O-O 11. Bg5 Bb7 12. a4 exd5 13. exd5 Re8 14. Kf1 Na6
15. a5 Qd6 16. Bf4 Qe7 17. Ng3 Nh5 18. Nxh5 Qh4 19. Ne4 Qxh5 20. Nxc5 Nxc5 21.
Bc4 Qh4 22. g3 Qh3+ 23. Kf2 Na6 24. Qd4 Rac8 25. Rac1 Nb8 26. b4 h6 27. b5 Qf5
28. g4 Qg6 29. Bd3 1-0

[Event "Liga Vasca 2009 - DH"]
[Site "Pais Vasco ESP"]
[Date "2009.02.21"]
[Round "6.22"]
[White "Fernandez Lopategi, Jon Andoni"]
[Black "Gomez Esteban, Juan Mario"]
[Result "1-0"]
[WhiteElo "2055"]
[BlackElo "2498"]
[PlyCount "95"]
[EventDate "2009.01.10"]
[EventType "team"]
[EventRounds "9"]
[EventCountry "ESP"]
[Source "lmi"]
[SourceDate "2009.01.10"]
[BlackTeam "España"]
[WhiteTeamCountry "ESP"]
[BlackTeamCountry "ESP"]

1. Nf3 d5 2. d4 Nf6 3. c4 dxc4 4. Nc3 c6 5. a4 Bf5 6. e3 e6 7. Bxc4 Bb4 8. O-O
O-O 9. Ne5 Nbd7 10. Nxd7 Qxd7 11. f3 Rfd8 12. Qb3 a5 13. Na2 Be7 14. e4 Bg6 15.
Be3 Ne8 16. Rfd1 Nd6 17. Be2 f5 18. e5 Ne8 19. Nc1 Nc7 20. Nd3 Nd5 21. Nf4 Rdc8
22. Rac1 Bb4 23. Bc4 Bf7 24. Bxd5 cxd5 25. Nd3 Be8 26. Rxc8 Rxc8 27. Nxb4 axb4
28. Ra1 Rc4 29. Qd1 Qc6 30. b3 Rc3 31. Rc1 Rxe3 32. Rxc6 Bxc6 33. Qc1 Rxb3 34.
Qc5 Kf7 35. a5 Rb1+ 36. Kf2 b3 37. Qc3 f4 38. Qd2 Ke8 39. Qd3 Rb2+ 40. Ke1 Rxg2
41. Qxb3 Rxh2 42. a6 b5 43. Qa3 Rc2 44. a7 Ba8 45. Qd6 Kf7 46. Qd7+ Kg6 47.
Qe8+ Kh6 48. Qxa8 1-0

[Event "Liga Vasca 2009 - DH"]
[Site "Pais Vasco ESP"]
[Date "2009.02.21"]
[Round "6.23"]
[White "Franco Alonso, Alejandro"]
[Black "Urbieta Gabancho, Koldo"]
[Result "1-0"]
[WhiteElo "2459"]
[BlackElo "2009"]
[PlyCount "55"]
[EventDate "2009.01.10"]
[EventType "team"]
[EventRounds "9"]
[EventCountry "ESP"]
[Source "lmi"]
[SourceDate "2009.01.10"]
[WhiteTeam "España"]
[WhiteTeamCountry "ESP"]
[BlackTeamCountry "ESP"]

1. d4 Nf6 2. c4 Nc6 3. Nf3 e6 4. a3 d6 5. Nc3 g6 6. e4 Bg7 7. h3 h6 8. Be3 O-O
9. Bd3 Qe7 10. O-O Nd7 11. Qd2 Kh7 12. Bc2 b6 13. b4 a5 14. Nb5 Nf6 15. Rfe1 e5
16. d5 Na7 17. Nxa7 Rxa7 18. c5 bxc5 19. bxc5 Ra8 20. Rab1 dxc5 21. Rb5 Nd7 22.
Rxa5 Ba6 23. Qc3 c4 24. Ba4 Bb7 25. Bc6 Rxa5 26. Qxa5 Ra8 27. Qxc7 Bxc6 28.
dxc6 1-0

[Event "Liga Vasca 2009 - DH"]
[Site "Pais Vasco ESP"]
[Date "2009.02.21"]
[Round "6.24"]
[White "Carasa del Portillo, Mikel"]
[Black "Varas, Carlos"]
[Result "1/2-1/2"]
[WhiteElo "2028"]
[BlackElo "2245"]
[PlyCount "47"]
[EventDate "2009.01.10"]
[EventType "team"]
[EventRounds "9"]
[EventCountry "ESP"]
[Source "lmi"]
[SourceDate "2009.01.10"]
[WhiteTeamCountry "ESP"]
[BlackTeamCountry "ESP"]

1. c4 b6 2. Nc3 Bb7 3. e4 e6 4. g3 Bb4 5. Nge2 f5 6. Bg2 Nf6 7. Qc2 O-O 8. O-O
Bxc3 9. Nxc3 fxe4 10. Nxe4 Nc6 11. d3 Nd4 12. Qd1 Nxe4 13. dxe4 e5 14. Be3 c5
15. Bxd4 cxd4 16. Qd2 Qe7 17. Rac1 Rac8 18. b3 Rc7 19. Rc2 a5 20. a4 Qa3 21.
Qd3 Ba6 22. Rcc1 Rfc8 23. Ra1 Qe7 24. Qd2 1/2-1/2

[Event "Liga Vasca 2009 - DH"]
[Site "Pais Vasco ESP"]
[Date "2009.02.21"]
[Round "6.41"]
[White "Garbisu de Goñi, Unai"]
[Black "Arnaez Gil, Juan Ignacio"]
[Result "1/2-1/2"]
[WhiteElo "2466"]
[BlackElo "2231"]
[PlyCount "143"]
[EventDate "2009.01.10"]
[EventType "team"]
[EventRounds "9"]
[EventCountry "ESP"]
[Source "lmi"]
[SourceDate "2009.01.10"]
[WhiteTeamCountry "ESP"]
[BlackTeamCountry "ESP"]

1. e4 c5 2. Nf3 d6 3. d4 cxd4 4. Nxd4 Nf6 5. Nc3 a6 6. Be3 e5 7. Nb3 Be7 8. Qd2
Be6 9. O-O-O Nbd7 10. f4 b5 11. f5 Bc4 12. Kb1 Rc8 13. Bd3 Bxd3 14. Qxd3 Nb6
15. Bxb6 Qxb6 16. g4 b4 17. Nd5 Nxd5 18. Qxd5 O-O 19. Rhf1 Rc6 20. Rd2 Rfc8 21.
f6 gxf6 22. g5 Qb5 23. Qxb5 axb5 24. gxf6 Bf8 25. Rfd1 Rc4 26. Re2 h5 27. Nc1
Bh6 28. Rxd6 R4c6 29. Rd1 Bxc1 30. Kxc1 Rxf6 31. Rd5 Rf1+ 32. Kd2 f6 33. Rxb5
Rc4 34. c3 bxc3+ 35. bxc3 Rf3 36. Rb3 Kf7 37. Re3 Rf2+ 38. Kd3 Rc6 39. Re2 Rf3+
40. Kc2 Rc4 41. Kb2 h4 42. Rb7+ Ke6 43. Rb6+ Kf7 44. Rc2 Rxe4 45. c4 Rff4 46.
Kb3 Rf3+ 47. Kb4 Rf1 48. a4 Rb1+ 49. Kc5 Ra1 50. Kb5 f5 51. a5 f4 52. c5 f3 53.
c6 Re2 54. Rc3 f2 55. Rf3+ Ke7 56. c7 Rb2+ 57. Ka6 Rc2 58. Rxf2 Rxc7 59. Re2
Rc5 60. Rb5 Rxb5 61. Kxb5 Ke6 62. Re4 Kf5 63. Rxh4 e4 64. Rh8 e3 65. Re8 Kf4
66. a6 Kf3 67. Kb6 e2 68. a7 Rb1+ 69. Kc6 Ra1 70. Kb7 Rb1+ 71. Kc8 Ra1 72. Kb8
1/2-1/2